Kabátce v pramenech 14. století /

Hlavní autor: Voda, Petr, 1978-
Jazyk: Němčina
Francouzština
Latina
Čeština
Angličtina
Vydáno: Bohuslavice : P. Voda, 2011
Témata:
Fyzický popis: 87 s., 11 l. obr. příl. : barev. il. ; 30 cm
Language note: Část. anglický, francouzský, německý a latinský text
Knihy
Uloženo v:
LEADER 01793nam a2200517 a 4500
001 nkc20122345504
003 CZ PrNK
005 20120410142815.0
007 ta
008 120312s2011 xr af e 000 0 cze
015 |a cnb002345504 
020 |a 978-80-260-1759-2  |q (brož.) 
035 |a (OCoLC)791325895 
040 |a ABA001  |b cze 
041 0 |a cze  |a eng  |a fre  |a ger  |a lat 
043 |a e------ 
045 |a r-r- 
072 7 |a 646  |x Odívání. Péče o tělo  |2 Konspekt  |9 19 
080 |a 646.4-055.1  |2 MRF 
080 |a 391  |2 MRF 
080 |a 002+801.82  |2 MRF 
080 |a (4)  |2 MRF 
080 |a (048.8)  |2 MRF 
080 |a (0:82-9)  |2 MRF 
100 1 |a Voda, Petr,  |d 1978-  |7 mzk2009517690  |4 aut 
245 1 0 |a Kabátce v pramenech 14. století /  |c Petr Voda 
260 |a Bohuslavice :  |b P. Voda,  |c 2011 
300 |a 87 s., 11 l. obr. příl. :  |b barev. il. ;  |c 30 cm 
504 |a Obsahuje bibliografii a bibliografické odkazy 
546 |a Část. anglický, francouzský, německý a latinský text 
648 7 |a 14. století  |7 ch460552  |2 czenas 
650 0 7 |a pánské oděvy  |7 ph115967  |z Evropa  |y 14. století  |2 czenas 
650 0 7 |a móda  |7 ph123136  |z Evropa  |y 14. století  |2 czenas 
650 0 7 |a písemné prameny  |7 ph115977  |z Evropa  |y 14. století  |2 czenas 
650 0 9 |a men’s clothing  |z Europe  |y 14th century  |2 eczenas 
650 0 9 |a fashion  |z Europe  |y 14th century  |2 eczenas 
650 0 9 |a written sources  |z Europe  |y 14th century  |2 eczenas 
655 7 |a studie  |7 fd133597  |2 czenas 
655 7 |a texty  |7 fd133699  |2 czenas 
655 9 |a studies  |2 eczenas 
655 9 |a texts  |2 eczenas 
910 2 |a BOA001  |b 4-1282.564 
990 |a BK 
995 |a 01 
991 |b 201203  |c NOV  |e n 
996 6 |b 2610504709  |c 4-1282.564  |l MZK  |r Sklad / do 1 hodiny  |n 1  |p p.v.  |w 001232919  |u 000010  |a 1  |e BOA001  |j MZK50  |s P